Fr. Conceicao Rodrigues College of Engineering

Welding skills and practics (Record no. 22388)

MARC details
000 -LEADER
fixed length control field 00307nam a2200133Ia 4500
082 ## - DEWEY DECIMAL CLASSIFICATION NUMBER
Classification number 671.52
100 ## - MAIN ENTRY--PERSONAL NAME
Personal name Giachino/ J.W./ Weeks/ W.
245 ## - TITLE STATEMENT
Title Welding skills and practics
260 ## - PUBLICATION, DISTRIBUTION, ETC.
Name of publisher, distributor, etc. D.B.Taraporevala & Sons
Place of publication, distribution, etc. Bombay
Date of publication, distribution, etc. 1980
300 ## - PHYSICAL DESCRIPTION
Extent 342
546 ## - LANGUAGE NOTE
Language note ENGLISH
654 ## - SUBJECT ADDED ENTRY--FACETED TOPICAL TERMS
Focus term Welding
942 ## - ADDED ENTRY ELEMENTS (KOHA)
Koha item type BOOK
Holdings
Withdrawn status Lost status Damaged status Not for loan Collection Home library Current library Date acquired Source of acquisition Cost, normal purchase price Inventory number Total Checkouts Full call number Barcode Date last seen Cost, replacement price Price effective from Koha item type
        AFT Fr. Agnel's C.Rodrigues College of Engineering Fr. Agnel's C.Rodrigues College of Engineering 17/03/2023 UBS 49.00 T-354   671.52 AFT3035 17/03/2023 49.00 17/03/2023 BOOK